MARC

LEADER 00000nam0a2200000 4500
001 362285
005 20231102011456.0
035 |a (RuTPU)RU\TPU\retro\19631 
035 |a RU\TPU\retro\16371 
090 |a 362285 
100 |a 20210722d1962 k y0rusy50 ca 
101 0 |a rus 
102 |a RU 
105 |a a z 001zy 
200 1 |a Исследования по ядерной физике  |e [сборник статей]  |f Академия наук СССР, Физический институт им. П. Н. Лебедева ; отв. ред. Д. В. Скобельцын 
210 |a Москва  |c Изд-во АН СССР  |d 1960 
215 |a 310 с.  |c ил. 
225 1 |a Труды физического института им. П. Н. Лебедева (ФИАН)  |v Т. 14 
320 |a Библиогр. в конце ст. 
320 |9 572  |a Библиографический указатель работ сотрудников Лаборатории атомного ядра, 1932-1960 гг.: с. 296-309 
606 1 |a Ядерная физика  |2 stltpush  |3 (RuTPU)RU\TPU\subj\21560  |9 46524 
610 1 |a независимые частицы 
610 1 |a модели 
610 1 |a несферичность 
610 1 |a несферические ядра 
610 1 |a медленные нейтроны 
610 1 |a импульсный метод 
610 1 |a диффузия 
610 1 |a вторичные нейтроны 
675 |a 539.14  |v 4 
702 1 |a Скобельцын  |b Д. В.  |c российский физик  |f 1892-1990  |g Дмитрий Владимирович  |2 stltpush  |3 (RuTPU)RU\TPU\pers\15052  |4 340  |9 5154 
712 0 2 |a Академия наук СССР  |b Физический институт им. П. Н. Лебедева  |c (Москва)  |2 stltpush  |3 (RuTPU)RU\TPU\col\13766  |9 25779 
801 1 |a RU  |b 63413507  |c 20200914 
801 2 |a RU  |b 63413507  |c 20210722  |g RCR 
942 |c BK